000 00291 a2200133 4500
000 nam a22 7a 4500
100 _aAnuja Rawat
110 _aAnuja Rawat
245 _a Yog Yogi Yogini
250 _alatest edition
260 _bsatyam
_c2023
264 _bsatyam
_c2023
942 _cBK
999 _c396229
_d396229